Year 3000 -Jonas Brothers - Statistics

General Stats
  • This quiz has been taken 132 times
    129 since last reset
  • The average score is 285 of 347
Answer Stats
Answer % Correct
i
99%
I
99%
to
99%
a
98%
the
98%
3000
97%
and
94%
but
94%
fine
93%
great
93%
year
93%
not
92%
when
92%
is
91%
time
91%
we
91%
your
91%
been
90%
granddaughter
90%
he
90%
I've
90%
i've
90%
ive
90%
much
89%
underwater
88%
changed
87%
One
87%
one
87%
day
85%
has
85%
out
85%
came
83%
home
83%
said
83%
was
83%
doing
82%
it
82%
machine
82%
boy
81%
funny
81%
heard
81%
in
80%
me
80%
took
80%
went
80%
another
79%
at
79%
backyard
79%
noise
79%
built
78%
lived
78%
had
76%
multi
76%
of
76%
seen
76%
told
76%
yeah
76%
film
75%
find
75%
like
75%
lunch
75%
album
74%
there
74%
they
74%
Peter
73%
platinum
73%
song
73%
this
73%
boys
72%
trip
72%
bands
71%
our
71%
if
70%
saw
70%
those
70%
gone
69%
my
69%
seventh
69%
bought
67%
everybody
67%
stood
67%
clarkson
65%
kelly
65%
called
64%
future
63%
everything
57%
with
55%
rowdy
52%
capacitor
51%
oh
49%
outsold
49%
neighbour
45%
flux
44%
star
39%
thing
38%
wars
38%
hair
33%
round
33%
around
31%
girls
30%
above
27%
float
27%
drove
26%
floor
25%
water
19%
woah
13%
babe
7%
doing fine
4%
not much
4%
No matching quizzes found
Score Distribution
Percent of People with Each Score
Percentile by Number Answered
Your Score History
You have not taken this quiz since the last reset